Statistiques concernant Frontières de la Zambie

Cliquez ici pour prendre le quiz!

Statistiques générales

  • Ce quiz a été pris 57 fois
  • Le résultat moyen est 8 sur 8

Statistiques - réponses

Kilomètres Pays % Correct
1 930République Démocratique du Congo
98%
797Zimbabwe
98%
233Namibie
96%
1 110Angola
96%
338Tanzanie
96%
419Mozambique
94%
2Botswana
90%
837Malawi
88%

Distribution des résultats

Percentile by Number Answered

% des personnes avec chaque résultat

Votre développement - résultats

Vous n’avez pas pris ce quiz